| LEADER | 011150000a22003010004500 | ||
|---|---|---|---|
| 001 | 67877 | ||
| 005 | 20081030151800.0 | ||
| 008 | 930310s1991 ara | ||
| 035 | |a 239059 | ||
| 035 | |a (Sirsi) 67877 | ||
| 040 | |a UIAM |b eng | ||
| 049 | |b m | ||
| 050 | |a HG3368A6 | ||
| 100 | 1 | |a عمايدة، محمد عودة | |
| 242 | 1 | 0 | |a Alaqat al-bank al-markazi bi-al-bunuk al-Islamiyah ' / |c i'dad Muhammad 'Awdah al-'Amayidah |
| 245 | 1 | 0 | |a علاقة البنك المركزى بالبنوك الاسلامية |
| 260 | 1 | |a د.م |b : د.ن، |c 1991 | |
| 300 | |a 189 p. | ||
| 500 | |a Added title page : The Relationship between Central Bank and Islamic Banks | ||
| 502 | |a (M.A.) - University of Yarmuk, 1991 | ||
| 596 | |a 1 | ||
| 650 | 0 | |a Banks and banking |z Islamic countries | |
| 650 | 0 | |a Banks and banking, Islamic | |
| 650 | 0 | |a Banks and banking, Central | |
| 700 | 1 | |a 'Amayidah, Muhammad 'Awdah | |
| 900 | |a checked by arr240593-naw | ||
| 999 | |c 430242 |d 461733 | ||
| 952 | |0 0 |6 T HG 003368 A6A481I |7 0 |8 THESES |9 749391 |a IIUM |b IIUM |c MULTIMEDIA |g 0.00 |o t HG3368A6A481I |p 00000239067 |r 2017-10-19 |t 1 |v 0.00 |y THESIS | ||
